Odd One Out: Bodies of Water Quiz Stats

 Plays Quiz Updated Mar 24, 2015

Challenge
Share
Tweet
Embed
Score 0/15 Timer 06:00
0 Plays Today
Body of Water Odd One Out % Correct
Part of the Mediterranean Sea
A) Tyrrhenian Sea B) Ionian Sea C) Ligurian Sea D) Bay of Biscay
???
73.7%
In the Americas
A) Lake Albert B) Lake Nicaragua C) Lake Superior D) Lake Titicaca
???
70.2%
African lake
A) Lake Ladoga B) Lake Nyasa C) Lake Tanganyika D) Lake Victoria
???
66.4%
Asian lake
A) Aral Sea B) Lake Baikal C) Lake Balaton D) Lake Balkhash
???
59.6%
Rises in the Rocky Mountains
A) Colorado River B) Mississippi C) Missouri D) Rio Grande
???
55.3%
Great Lake bordering Canada
A) Lake Erie B) Lake Huron C) Lake Michigan D) Lake Ontario
???
55.3%
Borders the same name country
A) Gulf of Finland B) Gulf of Guinea C) Gulf of Honduras D) Gulf of Oman
???
52.2%
Named after an explorer
A) Baffin Bay B) Barents Sea C) Solomon Sea D) Tasman Sea
???
50.7%
Body of Water Odd One Out % Correct
Larger than 20 million km²
A) Arctic Ocean B) Atlantic Ocean C) Indian Ocean D) Southern Ocean
???
50.4%
Borders a same starting letter country
A) Adriatic Sea B) Baltic Sea C) Bay of Bengal D) Skagerrak
???
50%
Asian river longer than 4,000km
A) Indus B) Mekong C) Yangtze D) Yellow River
???
49.6%
Flows through more than 3 countries
A) Danube B) Euphrates C) Niger D) Rhine
???
48.8%
Strait between two countries
A) Øresund B) Strait of Dover C) Strait of Malacca D) Strait of Messina
???
44.9%
Drains into the Mediterranean Sea
A) Nile B) Rhône C) Tagus D) Tiber
???
44.7%
In the Northern Hemisphere
A) Arabian Sea B) Bering Sea C) Norwegian Sea D) Scotia Sea
???
43.5%

You're not logged in!

Compare scores with friends on all Sporcle quizzes.
Join for Free
OR
Log In

You Might Also Like...

Show Comments

Extras

Top Quizzes Today


Score Distribution

Your Account Isn't Verified!

In order to create a playlist on Sporcle, you need to verify the email address you used during registration. Go to your Sporcle Settings to finish the process.

Report this User

Report this user for behavior that violates our Community Guidelines.

Details: